00699 2200241 4500001002100000005001700021008004100038020001800079035002400097041000800121043001200129082001400141090001400155100002500169245011900194250001800313260003100331300003800362650001500400850001200415990001500427990001500442YOGYA-0209000000893420180130100231.0 ind  a979-526-043-x 0010-0209000000089340 aind aYOPDYOG042[23]a110 a110 Sur M1 aSURYADIPURA, Paryana0 aManusia dengan atomnya dalam keadaan sehat dan sakit (atropobiologi berdasarkan metafisika) /cParyana Suryadipura aEd. 2, Cet. 1 aJakartabBumi Aksarac1994 axiii, 392 hlm. :bilus. ;c21 cm. 4aMetafisika aYOPDYOG a28121-B/97 a26125-B/97